000 00328nam a22001337a 4500
020 _a0-7126-0262-3
082 _a004
_bJAC/T
100 _aJACKSON, E A
245 _a25 NEW PROGRAMS FOR THE SPECTRUM
260 _aLONDON
_bCENTURY PUBLICATIONS
_c1984
300 _a175
650 _aCOMPUTER SCIENCE REFERENCE
_zINDIA
942 _cBK
999 _c1657
_d1657